[Event "Bad Ragaz op"]
[Site "?"]
[Date "1993.??.??"]
[Round "7"]
[White "Robovic, Saudin"]
[Black "Siegel, Georg"]
[Result "1-0"]
[WhiteElo "2360"]
[BlackElo "2320"]

1.e4 e6 2.d4 d5 3.Nd2 Be7 4.Bd3 dxe4 5.Nxe4 Nf6 6.Nf3 Nbd7 7.O-O O-O 8.Qe2 c5
9.dxc5 Nxc5 10.Nxc5 Bxc5 11.Bg5 Be7 12.Rad1 Qc7 13.Ne5 b6 14.Rfe1 Nd5 15.Bxe7 Qxe7
16.Be4 Qf6 17.c4 Nf4 18.Qf3 Rb8 19.Ng4 Qg5 20.h4 Qxh4 21.Qxf4 e5 22.Qh2  1-0

[Event "Berliner Sommer"]
[Site "Berlin"]
[Date "1993.??.??"]
[Round "5"]
[White "Ioseliani, Nana"]
[Black "Kadimova, Ilaha"]
[Result "1-0"]
[WhiteElo "2470"]
[BlackElo "2335"]

1.e4 e6 2.d4 d5 3.Nd2 a6 4.Ngf3 c5 5.dxc5 Bxc5 6.Bd3 Nf6 7.Qe2 Be7 8.O-O Nc6
9.e5 Nd7 10.c3 b6 11.Re1 Nc5 12.Bc2 a5 13.Nb3 Ba6 14.Qd1 Qc7 15.Nbd4 h6 16.Nxc6 Qxc6
17.Nd4 Qc7 18.Qg4 g6 19.Qf3 a4 20.b4 axb3 21.axb3 Bb7 22.Rxa8+ Bxa8 23.b4 Nd7
24.Bd2 Bb7 25.Qg3 Nf8 26.Ba4+ Nd7 27.Bb5 Kf8 28.Qxg6  1-0

[Event "Biel Interzonal"]
[Site "Biel"]
[Date "1993.??.??"]
[Round "8"]
[White "Frolov, Artur"]
[Black "Hamdouchi, Hichem"]
[Result "1-0"]
[WhiteElo "2535"]
[BlackElo "2455"]

1.e4 e6 2.d4 d5 3.Nd2 Nc6 4.Ngf3 Nf6 5.e5 Nd7 6.Be2 f6 7.exf6 Nxf6 8.O-O Bd6
9.c4 O-O 10.c5 Bf4 11.Nb3 Ne4 12.Bxf4 Rxf4 13.Nc1 Ng5 14.Ne5 Qf6 15.Nxc6 bxc6
16.Nb3 Bd7 17.Qd2 Re8 18.Rae1 e5 19.dxe5 Rxe5 20.f3 Ne6 21.g3 Ra4 22.a3 Qe7
23.Bd1 Rxe1 24.Rxe1 Qf8 25.Kg2 h6 26.Rxe6 Bxe6 27.Nd4 Rxd4 28.Qxd4 Qf5 29.g4 Qg5
30.Be2 h5 31.h3 hxg4 32.hxg4 Kf7 33.Kg3 Qf6 34.Qf4 Qxf4+ 35.Kxf4 Kf6 36.g5+ Ke7
37.Ke5 Bd7 38.f4 Bc8 39.Bd3 Bb7 40.b4 a6 41.Bf5 Kd8 42.g6 Ke7 43.Be6 a5 44.bxa5 Ba6
45.Bg4  1-0

[Event "Biel Interzonal"]
[Site "Biel"]
[Date "1993.??.??"]
[Round "11"]
[White "Malisauskas, Vidmantas"]
[Black "Hug, Werner"]
[Result "1/2-1/2"]
[WhiteElo "2540"]
[BlackElo "2430"]

1.e4 e6 2.d4 d5 3.Nd2 Nc6 4.Ngf3 Nf6 5.e5 Nd7 6.c4 dxc4 7.Nxc4 Nb6 8.a3 Ne7
9.Bd3 Nxc4 10.Bxc4 h6 11.O-O Bd7 12.Be3 Bc6 13.Rc1 Qd7 14.Qe2 Nd5 15.Nd2 Be7
16.Bd3 a6 17.Ne4 Bb5 18.Rfd1 Bxd3 19.Rxd3 O-O-O 20.Qc2 f5 21.exf6 gxf6 22.Bd2 Bd6
23.Nc3 Qh7 24.Nxd5 exd5 25.Rf3 Qxc2 26.Rxc2 Be7 27.Bf4 c6 28.Re2 Rde8 29.Kf1 Kd7
30.Rb3 b5 31.Rg3 Rh7 32.Bd2 Bd8 33.Rxe8 Kxe8 34.Rg8+ Kd7 35.Ke2 h5 36.h4 a5
37.b3 a4 38.bxa4 bxa4 39.Kd3 Rf7 40.Rh8 Be7 41.Bc1 Rf8 42.Rxh5 Rb8 43.Kc2 Rb3
44.Rh7 Ke6 45.h5 Bxa3 46.h6 Bxc1 47.Kxc1 Rb8 48.Rc7 Kf5 49.f3 a3 50.h7 a2
51.Ra7 Rb1+ 52.Kd2 Rh1 53.Rxa2 Rxh7 54.Rc2 Rc7 55.Ke3 Kg5 56.g4 f5 57.f4+ Kxg4
58.Rg2+ Kh3 59.Rg5 Ra7 60.Rxf5 Ra3+  1/2-1/2

[Event "Bled op (Women)"]
[Site "Bled"]
[Date "1993.??.??"]
[Round "?"]
[White "Mihevc, Narcisa"]
[Black "Grinfeld, Alla B"]
[Result "1-0"]
[WhiteElo "2135"]
[BlackElo "2255"]

1.e4 e6 2.d4 d5 3.Nd2 a6 4.Ngf3 c5 5.exd5 exd5 6.dxc5 Bxc5 7.Nb3 Ba7 8.Qe2+ Qe7
9.Bg5 f6 10.Bf4 Nc6 11.O-O-O Qxe2 12.Bxe2 Nge7 13.Nfd4 Ne5 14.Rhe1 Kf7 15.h3 Rd8
16.g4 h6 17.Bg3 Bd7 18.f4 Nc4 19.Bf3 Rdc8 20.Re2 Bc6 21.Rde1 Re8 22.f5 Bb8
23.Bxb8 Raxb8 24.Nc5 Ne5 25.Bg2 a5 26.Nd3 Nxd3+ 27.cxd3 Rbc8 28.Kd2 Ng8 29.Ne6 Ne7
30.Nxg7 Kxg7 31.Rxe7+ Rxe7 32.Rxe7+ Kg8 33.d4 Ra8 34.h4 Ra6 35.Rc7 Ra8 36.Re7 Rd8
37.Ke3 Ra8 38.Kf4 Ra6 39.g5 hxg5+ 40.hxg5 fxg5+ 41.Kxg5 Rb6 42.Re2 Kg7 43.f6+ Kf8
44.Bf3 Rb4 45.Rh2 Kg8 46.Bh5  1-0

[Event "Bratislava op"]
[Site "Bratislava"]
[Date "1993.??.??"]
[Round "4"]
[White "Filipovic, Branko"]
[Black "Andrienko, Anatoly"]
[Result "1/2-1/2"]
[WhiteElo "2400"]
[BlackElo "2285"]

1.e4 e6 2.d4 d5 3.Nd2 Nc6 4.Ngf3 Nf6 5.e5 Nd7 6.Bb5 Be7 7.O-O a6 8.Bxc6 bxc6
9.Nb3 c5 10.Na5 Nb8 11.dxc5 Bxc5 12.Nb3 Bb6 13.c4 dxc4 14.Qxd8+ Kxd8 15.Nbd2 c3
16.bxc3 Bb7 17.Rd1 Nd7 18.Rb1 Kc8 19.Ba3 h6 20.Re1  1/2-1/2

[Event "Brussels zt"]
[Site "Brussels"]
[Date "1993.??.??"]
[Round "4"]
[White "Van der Wiel, John TH"]
[Black "Bricard, Emmanuel"]
[Result "1-0"]
[WhiteElo "2555"]
[BlackElo "2460"]

1.e4 e6 2.d4 d5 3.Nd2 Nc6 4.Ngf3 Nf6 5.e5 Nd7 6.Be2 Be7 7.c4 dxc4 8.Nxc4 Nb6
9.a3 Nd5 10.O-O b6 11.Bd2 Qd7 12.b4 Bd8 13.Qc2 Bb7 14.Rfd1 Nce7 15.a4 Ng6
16.Nd6+ cxd6 17.Bb5 Qxb5 18.axb5 Bc7 19.Qb2 O-O 20.Ra3 f6 21.exd6 Bxd6 22.Rda1 Ndf4
23.Ne1  1-0

[Event "Budapest FS12 GM"]
[Site "Budapest"]
[Date "1993.??.??"]
[Round "1"]
[White "Shabtai, Ran"]
[Black "Landenbergue, Claude"]
[Result "1/2-1/2"]
[WhiteElo "2350"]
[BlackElo "2405"]

1.d4 e6 2.e4 d5 3.Nd2 a6 4.Ngf3 c5 5.exd5 exd5 6.dxc5 Bxc5 7.Bd3 Nf6 8.O-O O-O
9.Nb3 Bb6 10.Re1 Nc6 11.c3 Bg4 12.h3 Bh5 13.Be3 Re8 14.Bxb6 Qxb6 15.Rxe8+ Rxe8
16.g4 Bg6 17.Bxg6 hxg6 18.Qc2 Qc7 19.Re1 Re4 20.Qd2 Qe7 21.Nbd4 Nh7 22.Nxc6 bxc6
23.Rxe4 Qxe4 24.Qe3 Qxe3  1/2-1/2

[Event "Budapest FS09 GM"]
[Site "Budapest"]
[Date "1993.??.??"]
[Round "2"]
[White "Schaefer, Markus"]
[Black "Unzicker, Ferdinand"]
[Result "1-0"]
[WhiteElo "2455"]
[BlackElo "2335"]

1.e4 e6 2.d4 d5 3.Nd2 a6 4.Ngf3 Nf6 5.e5 Nfd7 6.Bd3 c5 7.c3 Nc6 8.O-O Be7
9.Qe2 O-O 10.Re1 cxd4 11.cxd4 Qb6 12.Nb3 a5 13.Bg5 Bb4 14.Bd2 Be7 15.Bc3 Re8
16.Rad1 Nf8 17.Qe3 Nb4 18.Bb1 Qa7 19.Nc1 Bd7 20.Ne2 Rec8 21.Ng3 Nc6 22.Nh5 a4
23.Bd2 a3 24.Nxg7 Nxd4 25.Qh6 Nxf3+ 26.gxf3 Qa4 27.Nh5  1-0

[Event "Spring op"]
[Site "Budapest"]
[Date "1993.??.??"]
[Round "8"]
[White "Rovid, Kalman"]
[Black "Galyas, Miklos"]
[Result "1-0"]
[WhiteElo "2325"]
[BlackElo "2205"]

1.e4 e6 2.d4 d5 3.Nd2 Be7 4.Ngf3 Nf6 5.e5 Nfd7 6.Bd3 c5 7.c3 Nc6 8.O-O g5
9.Bb5 Qb6 10.Bxc6 bxc6 11.dxc5 Nxc5 12.b4 Nd3 13.Nb3 Ba6 14.Be3 Qc7 15.Nxg5 Bxg5
16.Bxg5 Qxe5 17.Qd2 Rg8 18.f4 Qe4 19.Rad1 Rc8 20.Nd4 Bc4 21.Rf3 c5 22.bxc5 Nxc5
23.f5 e5 24.Re1 Rxg5 25.Rxe4 Nxe4 26.Qd1 exd4 27.Qxd4 Rc6 28.Qxa7 Ra6 29.Qb8+ Kd7
30.Qb7+ Kd6 31.Qb8+ Kd7 32.Qb7+ Kd6 33.a3 f6 34.h3 h5 35.Qb4+ Kc6 36.Re3 Rb6
37.Qa4+ Kc5 38.Qa5+ Kc6 39.Qa4+ Kc5 40.Qa5+ Kc6 41.Qa8+ Kd6 42.Qd8+ Kc5 43.Qc7+ Rc6
44.Qe7+ Rd6 45.Re1 Nxc3 46.Re6 Ne4 47.Qa7+ Kb5 48.Qb7+ Kc5 49.Qa7+ Kb5 50.Qb7+ Kc5
51.Qc7+ Kd4 52.Rxe4+ Kxe4 53.Qxd6 Rxf5 54.Qe6+ Re5 55.Qxf6 Rf5 56.Qe6+ Re5
57.Qf6 Rf5 58.Qe6+ Re5 59.Qg6+ Ke3 60.a4 Be2 61.Qg3+ Ke4 62.Kf2 Bc4 63.Qe3+ Kf5
64.g4+ hxg4 65.hxg4+ Kf6 66.Qh6+ Ke7 67.Qg7+ Kd6 68.Qf6+ Re6 69.Qd8+ Ke5
70.Ke3 Rd6 71.Qg5+ Ke6 72.Kd4 Ra6 73.Qd8 Kf7 74.a5 Rg6 75.g5 Ke6 76.Qc8+ Kf7
77.Qd7+ Kg8 78.Qe8+ Kg7 79.Qe7+ Kg8 80.Ke5 Ra6 81.Kf4 Rg6 82.Kg4 Ra6 83.Kh5 d4
84.g6 Rxa5+ 85.Kh6  1-0

[Event "Spring op"]
[Site "Budapest"]
[Date "1993.??.??"]
[Round "8"]
[White "Sziebert, Adam"]
[Black "Buchenau, Frank"]
[Result "0-1"]
[WhiteElo "2335"]
[BlackElo "2240"]

1.e4 e6 2.d4 d5 3.Nd2 Nc6 4.Ngf3 Nf6 5.e5 Nd7 6.c3 f6 7.exf6 Qxf6 8.Be2 e5
9.dxe5 Ndxe5 10.O-O Be6 11.Nb3 Bd6 12.Ng5 Bg8 13.f4 Nd7 14.Bh5+ g6 15.Bg4 O-O-O
16.Be3 h6 17.Nh3 Be6 18.Kh1 Rhe8 19.Bf2 Bxg4 20.Qxg4 Qe6 21.Qxe6 Rxe6 22.Rad1 Re2
23.Nd2 Rde8 24.c4 d4 25.a3 a5 26.Rfe1 Rxe1+ 27.Rxe1 Rxe1+ 28.Bxe1 Nc5 29.b3 Nd3
30.Bg3 Bxa3 31.Kg1 Nc5 32.Nf2 Nd8 33.Nfe4 Nde6 34.Kf1 Bc1 35.Bf2 Nxe4 36.Nxe4 Bxf4
37.Ke2 c5 38.g3 Be5 39.Be1 b6 40.Bd2 h5 41.Kd3 Kd7 42.Ng5 Nxg5 43.Bxg5 Kc6
44.Bd8 Bc7 45.Bg5 b5 46.Be7 Kb6 47.Bg5 a4 48.bxa4 bxa4 49.Bc1 Ka6 50.Ba3 Bb6
51.Ke4 Kb7 52.h3 Kc6  0-1

[Event "Budapest FS08 IM"]
[Site "Budapest"]
[Date "1993.??.??"]
[Round "13"]
[White "Borocz, Istvan"]
[Black "Orosz, Andras"]
[Result "1-0"]
[WhiteElo "2335"]
[BlackElo "2245"]

1.e4 e6 2.d4 d5 3.Nd2 a6 4.Ngf3 c5 5.dxc5 Bxc5 6.Bd3 Nf6 7.O-O Nc6 8.c3 b5
9.Qe2 Bb7 10.e5 Nd7 11.Nb3 Ba7 12.Nbd4 Nc5 13.Bb1 Ne4 14.Nxc6 Bxc6 15.Be3 Qc7
16.Bxa7 Rxa7 17.Nd4 Bb7 18.Bd3 Nc5 19.Bc2 g6 20.Rfe1 Bc6 21.Qe3 Bd7 22.Qh6  1-0

[Event "Buenos Aires op3"]
[Site "Buenos Aires"]
[Date "1993.??.??"]
[Round "3"]
[White "Spangenberg, Hugo"]
[Black "Reides, Marcelo"]
[Result "1-0"]
[WhiteElo "2505"]
[BlackElo "2310"]

1.e4 e6 2.d4 d5 3.Nd2 Nc6 4.Ngf3 Nf6 5.e5 Nd7 6.Nb3 a5 7.Bb5 a4 8.Nbd2 a3
9.O-O Ncb8 10.Nb3 b6 11.Qe2 axb2 12.Bxb2 Ba3 13.Bxa3 Rxa3 14.Bd3 O-O 15.c4 dxc4
16.Bxc4 Bb7 17.Rfd1 Qe7 18.Rac1 c6 19.Qb2 Ra7 20.Nbd2 c5 21.dxc5 bxc5 22.Bd3 Bd5
23.Bb1 f5 24.exf6 Nxf6 25.Re1 Nc6 26.Ng5 Ng4 27.Ngf3 Nd4 28.Nxd4 Rxf2 29.N4f3 Rb7
30.Qc2 g6 31.Qc3 Qd6 32.Be4 Rc7 33.Bxd5 exd5 34.Re8+ Kf7 35.Qh8  1-0

[Event "Buenos Aires Najdorf op"]
[Site "Buenos Aires"]
[Date "1993.??.??"]
[Round "3"]
[White "Minzer, Claudio Javier"]
[Black "Bosco, Ricardo"]
[Result "1-0"]
[WhiteElo "2370"]
[BlackElo "2270"]

1.e4 e6 2.d4 d5 3.Nd2 Nc6 4.Ngf3 Nf6 5.e5 Ne4 6.c3 Nxd2 7.Bxd2 Be7 8.Bd3 a5
9.a4 b6 10.Qe2 Nb8 11.b4 c5 12.b5 Nd7 13.h4 h6 14.h5 Bb7 15.Qe3 Qc7 16.Qf4 f5
17.exf6 Qxf4 18.Bg6+  1-0

[Event "Buenos Aires op3"]
[Site "Buenos Aires"]
[Date "1993.??.??"]
[Round "6"]
[White "Ginzburg, Maximiliano"]
[Black "Debarnot, Roberto"]
[Result "1/2-1/2"]
[WhiteElo "2275"]
[BlackElo "2355"]

1.e4 e6 2.d4 d5 3.Nd2 Nc6 4.Ngf3 Nf6 5.e5 Nd7 6.c3 f6 7.exf6 Qxf6 8.Bb5 Bd6
9.Nf1 e5 10.dxe5 Ncxe5 11.Nxe5 Qxe5+ 12.Be3 c6 13.Be2 Nf6  1/2-1/2

[Event "Buenos Aires Najdorf"]
[Site "Buenos Aires"]
[Date "1993.??.??"]
[Round "9"]
[White "Spangenberg, Hugo"]
[Black "Panno, Oscar"]
[Result "0-1"]
[WhiteElo "2505"]
[BlackElo "2495"]

1.e4 e6 2.d4 d5 3.Nd2 Nc6 4.Ngf3 Nf6 5.e5 Nd7 6.Nb3 Be7 7.Bb5 Ncb8 8.O-O b6
9.a4 a5 10.Qe2 O-O 11.Be3 Ba6 12.c4 dxc4 13.Bxc4 Bxc4 14.Qxc4 Na6 15.Rac1 Ndb8
16.Nbd2 c6 17.Qc2 Qd5 18.Nc4 Nb4 19.Qe2 Nd7 20.Bg5 Rfe8 21.Rfd1 Bf8 22.Nfd2 b5
23.Ne4 Na2 24.Ra1 Qxc4 25.Qxc4 bxc4 26.Rxa2 c5 27.dxc5 Nxe5 28.Nd6 Reb8 29.Bd2 Nd3
30.Nxc4 Bxc5 31.Bxa5 Nxf2 32.Rda1 Nd3+ 33.Kf1 Nxb2 34.Rxb2 Rxb2 35.Nxb2 Rxa5
36.Nc4 Ra6 37.Ke2 Kf8 38.Kd3 Ke7 39.Kc2 Bd4 40.Rd1 e5 41.Kb3 f5 42.a5 g5
43.Kb4 Ke6 44.Kb5 Ra8 45.Nb6 Ra7 46.a6 f4 47.Rd3 g4 48.Nc8 Rf7 49.Rd1 f3
50.gxf3 gxf3 51.Rf1 e4 52.Kc6 e3 53.Nd6 f2 54.Nb5 Ke5 55.a7 Rxa7  0-1

[Event "Buenos Aires Najdorf op"]
[Site "Buenos Aires"]
[Date "1993.??.??"]
[Round "10"]
[White "Adla, Diego"]
[Black "Casafus, Ruben"]
[Result "1-0"]
[WhiteElo "2455"]
[BlackElo "2405"]

1.e4 e6 2.d4 d5 3.Nd2 a6 4.Ngf3 c5 5.exd5 exd5 6.Be2 c4 7.b3 cxb3 8.axb3 Bd6
9.O-O Ne7 10.Re1 O-O 11.Nf1 Nbc6 12.Ne3 h6 13.c4 Be6 14.Ba3 Bxa3 15.Rxa3 Qd6
16.c5 Qf4 17.g3 Qf6 18.Ra2 Bf5 19.Rd2 Be4 20.Ng4 Qe6 21.Nh4 Qd7 22.Bd3 f5
23.Ne5 Nxe5 24.dxe5 Qc7 25.b4 a5 26.Qb3 Bxd3 27.Rxd3 axb4 28.Qxb4 Ra5 29.Rc3 Rfa8
30.Rcc1 Ra4 31.Qb2 R8a5 32.Qb1 g6 33.e6 Kg7 34.Nf3 Qc8 35.Qb2+ Kg8 36.Ne5 Ra2
37.Qd4 R5a4 38.Qd3 Qf8 39.c6 bxc6 40.Nxc6 Nxc6 41.Rxc6 Ra1 42.Rxa1 Rxa1+
43.Kg2 Qd8 44.Qc3 Ra8 45.Rc7 d4 46.Qc4 Kh8 47.Qc5 Qf6 48.Rf7  1-0

[Event "Calcutta op"]
[Site "Calcutta"]
[Date "1993.??.??"]
[Round "4"]
[White "Roy Chowdhury, Saptarshi"]
[Black "Ravi, Lanka"]
[Result "0-1"]
[WhiteElo "2325"]
[BlackElo "2415"]

1.e4 e6 2.d4 d5 3.Nd2 a6 4.Ngf3 c5 5.exd5 exd5 6.dxc5 Bxc5 7.Bd3 Nf6 8.O-O O-O
9.Nb3 Ba7 10.Nbd4 Nc6 11.Be3 Ng4 12.Nxc6 Nxe3 13.Nxd8 Nxd1 14.Raxd1 Rxd8
15.Rfe1 h6 16.h3 Bd7 17.c3 Re8 18.Bc4 Rxe1+ 19.Nxe1 Bxh3 20.Bxd5 Bf5 21.Nf3 Kf8
22.Rd2 Rb8 23.Ne5 Rd8 24.c4 f6 25.Nf3 b5 26.cxb5 axb5 27.Bc6 Rxd2 28.Nxd2 Bd3
29.Be4 Be2 30.Bf3 Bxf3 31.Nxf3 Ke7 32.Kf1 Ke6 33.Ke2 g5 34.Nd2 h5 35.a3 Kd5
36.f3 f5 37.Kd3 Bc5 38.Ke2 h4 39.Nf1 Kc4 40.Nd2+ Kd5 41.Nf1 Ke5 42.Nd2 Kf4
43.Nb3 Be3 44.Na5 Kg3 45.Kf1 g4 46.fxg4 fxg4  0-1

[Event "Cannes op"]
[Site "Cannes"]
[Date "1993.??.??"]
[Round "1"]
[White "Dolgener, Tobias"]
[Black "Bricard, Emmanuel"]
[Result "0-1"]
[WhiteElo "2270"]
[BlackElo "2460"]

1.e4 e6 2.d4 d5 3.Nd2 Nc6 4.Ngf3 Nf6 5.e5 Nd7 6.Nb3 a5 7.a4 b6 8.c3 Bb7 9.Bd3 Be7
10.h4 h6 11.h5 Qc8 12.Rh3 Ba6 13.Rg3 Bf8 14.Be3 Ne7 15.Bc2 c5 16.dxc5 bxc5
17.Nxa5 Qc7 18.Nb3 Nc6 19.Nc1 Rb8 20.Nd3 Ncxe5 21.Ndxe5 Nxe5 22.Bf4 Bd6 23.Bxe5 Bxe5
24.Nxe5 Qxe5+ 25.Re3 Qh2 26.Kd2 Qxg2 27.Qg1 Qg5 28.Qxg5 hxg5 29.Rg1 Rxh5
30.Bg6 fxg6 31.Rxe6+ Kf7 32.Rxa6 Rxb2+ 33.Ke3 Rc2 34.Rb1 Rh3+ 35.f3 Rhh2  0-1

[Event "Cappelle op"]
[Site "Cappelle la Grande"]
[Date "1993.??.??"]
[Round "1"]
[White "Mathe, Aurelien"]
[Black "Naumkin, Igor"]
[Result "1/2-1/2"]
[WhiteElo "2240"]
[BlackElo "2460"]

1.e4 e6 2.d4 d5 3.Nd2 Nc6 4.c3 e5 5.exd5 Qxd5 6.Ngf3 exd4 7.Bc4 Qf5 8.cxd4 Be6
9.O-O O-O-O 10.Qa4 Kb8 11.Re1 Bxc4 12.Qxc4 Nge7 13.Ne5 Nxe5 14.Rxe5 Qd7 15.Qxf7 Qxd4
16.Re1 Nc6 17.Nf3 Qf6 18.Qxf6 gxf6 19.Bf4  1/2-1/2

[Event "JUG-chT"]
[Site "Cetinje"]
[Date "1993.??.??"]
[Round "?"]
[White "Todorovic, Violeta"]
[Black "Maric, Mirjana"]
[Result "1-0"]
[WhiteElo "2050"]
[BlackElo "2305"]

1.e4 e6 2.d4 d5 3.Nd2 Nc6 4.Ngf3 Nf6 5.e5 Nd7 6.c3 Be7 7.Bd3 O-O 8.Nf1 f6
9.exf6 Bxf6 10.Ne3 Re8 11.O-O b6 12.Re1 Bb7 13.Ng4 Nf8 14.Bf4 Be7 15.Bb5 a6
16.Bxc6 Bxc6 17.Nfe5 Bb7 18.Nh6+ gxh6 19.Qh5 Bg5 20.Qf7+ Kh8 21.Nc6 Ng6 22.Nxd8 Raxd8
23.Bxg5 hxg5 24.Rxe6 Rxe6 25.Qxe6 Kg7 26.Re1 h6 27.Re3 Rd6 28.Qe8 Bc6 29.Qc8 Rd7
30.Re6 Bb5 31.a4 Bxa4 32.Qe8  1-0

[Event "Cuxhaven op"]
[Site "Cuxhaven"]
[Date "1993.??.??"]
[Round "3"]
[White "Eingorn, Vereslav S"]
[Black "Giemsa, Stephan"]
[Result "1-0"]
[WhiteElo "2580"]
[BlackElo "2275"]

1.e4 e6 2.d4 d5 3.Nd2 a6 4.Ngf3 c5 5.dxc5 Bxc5 6.Bd3 Nf6 7.O-O Nc6 8.a3 dxe4
9.Nxe4 Nxe4 10.Bxe4 Qxd1 11.Rxd1 Bd7 12.b4 Be7 13.Bb2 Bf6 14.Bxf6 gxf6 15.Nd4 Rc8
16.c4 f5 17.Bf3 Ke7 18.Nb3 b6 19.c5 Ne5 20.Bb7 Rb8 21.Bxa6 Ba4 22.Rdb1 Bxb3
23.Rxb3 bxc5 24.Rc1 cxb4 25.axb4 Rb6 26.Bf1 Nc6 27.b5 Nd4 28.Rb4 Rd8 29.Rc7+ Kf6
30.f4 Rd5 31.Rcc4 e5 32.fxe5+ Kxe5 33.Rc7 f4 34.Bc4 Rdd6 35.Rc5+ Kf6 36.Kf2 Nc2
37.Rb1 Rd2+ 38.Kf3 Nd4+ 39.Kxf4 Rxg2 40.Ke3 Nf5+ 41.Kd3 Nd6 42.Bd5 Rxh2 43.Bc6 Rh3+
44.Kd4 Rh4+ 45.Kd3 Rh3+ 46.Kc2 Re3 47.Rf1+ Ke7 48.Rd5 h6 49.Rfd1 Re6 50.Kb3 Nxb5
51.Bxb5 Rbd6 52.Bc4 Rxd5 53.Bxd5 Rf6 54.Kc4 Rf4+ 55.Kc5 Rf6 56.Rg1 Kf8 57.Kd4 Ke7
58.Rg8 Rg6 59.Rh8 Rg4+ 60.Ke3 Rg6 61.Kf4 Rg7 62.Ke5 Rg1 63.Rxh6 Re1+ 64.Be4 Ra1
65.Rc6 Ra5+ 66.Bd5 Ra7 67.Rc8 f6+ 68.Kd4 Ra4+ 69.Bc4 Ra7 70.Rh8 Ra1 71.Rh5 Rg1
72.Ra5 Rg4+ 73.Kc5 f5 74.Ra6 f4 75.Bd5 Rg1 76.Re6+ Kd7 77.Rf6 Rc1+ 78.Bc4 Ke7
79.Rxf4 Rc2 80.Rf7+ Ke8 81.Rc7 Rd2 82.Ra7 Rc2 83.Kd5 Rc1 84.Ke6 Kf8 85.Kf6 Ke8
86.Be6 Rf1+ 87.Bf5 Kd8 88.Rd7+ Ke8 89.Rd4 Rf2 90.Rh4  1-0

[Event "Cuxhaven op"]
[Site "Cuxhaven"]
[Date "1993.??.??"]
[Round "4"]
[White "Mueller, Mat"]
[Black "Eingorn, Vereslav S"]
[Result "1/2-1/2"]
[WhiteElo "2350"]
[BlackElo "2580"]

1.e4 e6 2.d4 d5 3.Nd2 a6 4.Ngf3 c5 5.exd5 exd5 6.Be2 c4 7.O-O Bd6 8.b3 cxb3
9.axb3 Ne7 10.Re1 Nbc6 11.Nf1 O-O 12.Ne3 Be6 13.Ba3 Bxa3 14.Rxa3 Nf5 15.Nxf5 Bxf5
16.c3 Re8 17.b4 Bg4 18.Ra2 Rc8 19.h3 Bh5 20.g4 Bg6 21.b5 axb5 22.Bxb5 Be4
23.Nd2 Qg5 24.Nxe4 Rxe4 25.Rxe4 dxe4 26.Bxc6 bxc6 27.Qa1 h5 28.Ra5 Qd2 29.Ra8 Rxa8
30.Qxa8+ Kh7 31.Qxc6 Qd1+ 32.Kg2 Qf3+ 33.Kg1 hxg4 34.hxg4 Qxg4+ 35.Kf1 Qd1+
36.Kg2 f5 37.Qc7 Qf3+ 38.Kg1 f4 39.Qe5 e3 40.fxe3 Qg3+ 41.Kf1 Qf3+ 42.Kg1 fxe3
43.Qh2+ Kg8 44.Qb8+ Kf7 45.Qc7+ Kg6 46.Qd6+ Kf7 47.Qd7+  1/2-1/2

[Event "CZE-chT"]
[Site "?"]
[Date "1993.??.??"]
[Round "?"]
[White "Trefny, Vlastimil"]
[Black "Netusil, Miroslav"]
[Result "1-0"]
[WhiteElo "2220"]
[BlackElo "2310"]

1.e4 e6 2.d4 d5 3.Nd2 Be7 4.Bd3 dxe4 5.Nxe4 Nf6 6.Nf3 Nbd7 7.O-O c5 8.c3 cxd4
9.cxd4 O-O 10.Re1 b6 11.Ne5 Bb7 12.Ng5 g6 13.Qe2 Nh5 14.Nexf7 Qe8 15.Nh6+ Kh8
16.Nxe6 Bb4 17.Bd2 Bxd2 18.Qxd2 Ndf6 19.Qb4 Qc6 20.f3 Nd5 21.Qc4 Qd7 22.Nxf8 Rxf8
23.Ng4 Nhf4 24.Be4 Rc8 25.Qb3 Kg7 26.Bxd5 Bxd5 27.Qe3 Rf8 28.Qe5+  1-0

[Event "Farum op (Women)"]
[Site "Farum"]
[Date "1993.??.??"]
[Round "3"]
[White "Hoiberg, Nina"]
[Black "Grinfeld, Alla B"]
[Result "1/2-1/2"]
[WhiteElo "2210"]
[BlackElo "2245"]

1.e4 e6 2.d4 d5 3.Nd2 a6 4.Ngf3 c5 5.exd5 exd5 6.dxc5 Bxc5 7.Nb3 Ba7 8.Be3 Bxe3
9.Qe2 Qe7 10.Qxe3 Qxe3+ 11.fxe3 Nf6 12.Bd3 O-O 13.O-O Re8 14.Rfe1 Nc6 15.c3 Bg4
16.Nc5 Re7 17.Bc2 b6 18.Nb3 Rae8 19.Nbd4 Nxd4 20.exd4 Bxf3 21.Rxe7 Rxe7 22.gxf3 Re2
23.Bd3 Rxb2 24.Bxa6 Kf8 25.c4 dxc4 26.Bxc4 Rd2 27.Bb3 Rxd4 28.Rc1 Ke7 29.Re1+ Kf8
30.Rc1 Nd7 31.Rc7 Ke7 32.Ra7 f6 33.Kf2 g5 34.Ke3 Rd6 35.Ke4 Kd8 36.Ra8+ Kc7
37.Rh8 Nc5+ 38.Kf5 Nxb3 39.Rxh7+ Kc6 40.axb3 Rd3 41.Kxf6 Rxf3+ 42.Kxg5 Rxb3  1/2-1/2

[Event "Gausdal Int"]
[Site "Gausdal"]
[Date "1993.??.??"]
[Round "8"]
[White "Hermansson, Emil"]
[Black "Gundersen, Helge"]
[Result "1-0"]
[WhiteElo "2205"]
[BlackElo "2285"]

1.e4 e6 2.d4 d5 3.Nd2 Nc6 4.Ngf3 Nf6 5.e5 Nd7 6.Bd3 Nb4 7.Be2 c5 8.c3 Nc6
9.O-O f6 10.exf6 Qxf6 11.c4 cxd4 12.cxd5 exd5 13.Re1 Be7 14.Nb3 h6 15.Nbxd4 O-O
16.Nb5 Nb6 17.Nc7 Rb8 18.Nxd5 Nxd5 19.Qxd5+ Kh8 20.Qh5 Nd4 21.Bd1 Bf5 22.Be3 Ne6
23.Bb3 Bb4 24.Bxe6 Qxe6 25.Bxa7 Bxe1 26.Rxe1 Bg4 27.Rxe6 Bxh5 28.Bxb8 Bxf3
29.Bd6 Bd5 30.Rxh6+  1-0

[Event "Bundesliga 9293"]
[Site "Germany"]
[Date "1993.??.??"]
[Round "?"]
[White "Schlemmermeyer, Wilhelm"]
[Black "Jackelen, Thomas"]
[Result "1/2-1/2"]
[WhiteElo "2335"]
[BlackElo "2420"]

1.e4 e6 2.d4 d5 3.Nd2 a6 4.Ngf3 c5 5.dxc5 Bxc5 6.Bd3 Nc6 7.a3 Nf6 8.O-O Ba7
9.b4 O-O 10.Bb2 b5 11.Ng5 d4 12.e5 Nxe5 13.Nxh7 Nxd3 14.Nxf6+ Qxf6 15.cxd3 Bb7
16.Qg4 Rac8 17.Rac1 Rfd8 18.Ne4 Qe7 19.Ng5 Qf6 20.Ne4 Qe7  1/2-1/2

[Event "Bundesliga 9293"]
[Site "Germany"]
[Date "1993.??.??"]
[Round "?"]
[White "Mueller, Karsten"]
[Black "Backwinkel, Paul"]
[Result "1/2-1/2"]
[WhiteElo "2490"]
[BlackElo "2405"]

1.e4 e6 2.d4 d5 3.Nd2 a6 4.Ngf3 c5 5.dxc5 Bxc5 6.Bd3 Nf6 7.O-O Nc6 8.a3 Qc7
9.b4 Be7 10.Bb2 b5 11.Re1 O-O 12.exd5 exd5 13.Ne5 Nxe5 14.Bxe5 Qd8 15.h3 Bb7
16.Nb3 Bd6 17.Bd4 Re8 18.Rxe8+ Nxe8 19.Na5 Bc8 20.Qf3 Be6 21.Rd1 Bf8 22.Nb7 Qh4
23.Nc5 Nd6 24.c3 a5 25.Re1 axb4 26.axb4 Re8 27.Re2 g6 28.Bf6 Qh6 29.Qg3 Qc1+
30.Kh2 Bh6 31.Rc2 Qf4 32.Qxf4 Bxf4+ 33.g3 Bh6 34.Re2 Bg7 35.Bxg7 Kxg7 36.g4 Kf6
37.Ra2 h5 38.Ra6 Ke7 39.Nxe6 Kxe6 40.Bxb5 Rb8 41.Bd3 hxg4 42.hxg4 Rc8 43.Ra3 Nc4
44.Bxc4 Rxc4 45.Kg3 d4 46.cxd4 Rxb4 47.Re3+ Kd5 48.Rf3 Rb7 49.Rf4 Ke6 50.Kh4 f6
51.Kg3 Rb6 52.g5 fxg5 53.Re4+ Kf6 54.Kf3 Rb2 55.Re2 Rb8 56.Ke4 Re8+ 57.Kd3 Rd8
58.Re5 Ra8 59.f3 Ra1 60.Ke4 Rd1 61.Ra5 Re1+ 62.Kd3 Rg1 63.Ke4 Re1+ 64.Kd5 Re3
65.Ra8 Ke7  1/2-1/2

[Event "BL2-W9293"]
[Site "Germany"]
[Date "1993.??.??"]
[Round "?"]
[White "Schmitzer, Klaus"]
[Black "Schoebel, Wolfgang"]
[Result "1-0"]
[WhiteElo "2320"]
[BlackElo "2210"]

1.e4 e6 2.d4 d5 3.Nd2 Nc6 4.c3 e5 5.dxe5 Nxe5 6.Ngf3 Nxf3+ 7.Qxf3 Nf6 8.exd5 Qxd5
9.Qxd5 Nxd5 10.Bc4 Be6 11.O-O Nf4 12.g3 Bxc4 13.Nxc4 Ne6 14.f4 b5 15.Na5 Bc5+
16.Kg2 O-O 17.f5 Nd8 18.a4 a6 19.Bf4 Bb6 20.axb5 axb5 21.b4 Re8 22.Kf3 Ra7
23.Rfd1 c5 24.Rd6 Bc7 25.Rd7 Bb8 26.Rxa7 Bxa7 27.Nb3 c4 28.Nd2 Nc6 29.Ra6 Rc8
30.Ne4 Bg1 31.Kg2 Ba7 32.Nd6  1-0

[Event "BL2-W9293"]
[Site "Germany"]
[Date "1993.??.??"]
[Round "?"]
[White "Holzke, Frank"]
[Black "Borngaesser, Rene"]
[Result "1/2-1/2"]
[WhiteElo "2380"]
[BlackElo "2365"]

1.e4 e6 2.d4 d5 3.Nd2 Nc6 4.Ngf3 Nf6 5.e5 Nd7 6.Bd3 Nb4 7.Be2 c5 8.c3 Nc6
9.O-O Qb6 10.Nb3 cxd4 11.cxd4 a5 12.a4 Ndb8 13.Bb5 Bd7 14.Ng5 h6 15.Nh3 Nb4
16.Be2 N8c6 17.Nf4 Rc8 18.Be3 Be7 19.Nd3 Nxd3 20.Bxd3 Nb4 21.Bb1 h5 22.Qd2 Na6
23.Bc2 Qb4 24.Rfc1 Qxd2 25.Bxd2 Nb4 26.Bd1 Rxc1 27.Nxc1 b6 28.Na2  1/2-1/2

[Event "BL2-N9293"]
[Site "Germany"]
[Date "1993.??.??"]
[Round "?"]
[White "Schnabel, Ralf"]
[Black "Lieb, Harald"]
[Result "1-0"]
[WhiteElo "2225"]
[BlackElo "2300"]

1.e4 e6 2.d4 d5 3.Nd2 Nc6 4.Ngf3 Nf6 5.e5 Nd7 6.Be2 f6 7.exf6 Qxf6 8.Nf1 Bd6
9.Ne3 O-O 10.O-O Qg6 11.c4 Nf6 12.c5 Be7 13.Nc2 Ng4 14.b4 a6 15.a4 Bf6 16.Bb2 Bd7
17.Qd2 Qh6 18.Qxh6 Nxh6 19.Bc3 Nf7 20.Ne3 Ng5 21.Nxg5 Bxg5 22.Ng4 h5 23.Ne5 Nxe5
24.dxe5 g6 25.g3 Be7 26.Bd4 h4 27.f4 hxg3 28.hxg3 g5 29.Kg2 Rf7 30.Bh5 Rh7
31.Bg6 Rh6 32.f5 exf5 33.Bxf5 Bxf5 34.Rxf5 Rf8 35.Raf1 Rxf5 36.Rxf5 c6 37.Be3 Rg6
38.g4 Rg7 39.Kf3 Kh7 40.Ke2 Kg6 41.Kd3 Rh7 42.Rf1 Rh3 43.Ke2 Rg3 44.Rg1 Rxg1
45.Bxg1 Kf7 46.Kd3 Ke6 47.Kd4 a5 48.b5 cxb5 49.axb5 a4 50.c6 bxc6 51.bxc6 Bd8
52.Kd3 Ba5 53.Bd4 Bb4 54.Bb6 Bf8 55.Bd8 a3 56.Kc2 d4 57.Kb3 d3 58.Bxg5 Bc5
59.Bd2 Bd4 60.Kxa3 Bxe5 61.Kb4 Kd5 62.Kb5 Bc7 63.g5 Bd8 64.Bc3 Bc7 65.g6 Ke6
66.Kc4 d2 67.Bxd2 Kf6 68.Kd5 Kxg6 69.Ke6 Bb6 70.Bf4 Ba5 71.Kd7 Kf5 72.Bc7 Bc3
73.Bb6 Be5 74.Bc5  1-0